Changes in cropping patterns in Narnaul tahsil Haryana : 1966-88 (Record no. 11414)

MARC details
000 -LEADER
fixed length control field 00399nam a2200145Ia 4500
082 ## - DEWEY DECIMAL CLASSIFICATION NUMBER
Classification number TY.0026
100 ## - MAIN ENTRY--AUTHOR NAME
Personal name Yadav, Ram Niwas
245 #0 - TITLE STATEMENT
Title Changes in cropping patterns in Narnaul tahsil Haryana : 1966-88
260 ## - PUBLICATION, DISTRIBUTION, ETC. (IMPRINT)
Year of publication 1990
Name of publisher Jamia Millia Islamia
300 ## - PHYSICAL DESCRIPTION
Number of Pages 421p.
650 ## - SUBJECT ADDED ENTRY--TOPICAL TERM
Topical Term Jamia Millia Islamia
650 ## - SUBJECT ADDED ENTRY--TOPICAL TERM
Topical Term CROPPING SYSTEMS - HARYANA
710 ## - ADDED ENTRY--CORPORATE NAME
Corporate name or jurisdiction name as entry element Ahmad, Qazi Mohammad
942 ## - ADDED ENTRY ELEMENTS (KOHA)
Koha item type Thesis
Source of classification or shelving scheme Dewey Decimal Classification
Holdings
Withdrawn status Lost status Damaged status Not for loan Home library Current library Date acquired Bill Date Full call number Accession Number Price effective from Koha item type
        NASSDOC Library NASSDOC Library 08/10/2004 2008-12-30 TY.0026 31732 18/04/2019 Thesis